Statistiques concernant Disney paroles - Bibidi Bobidi Bou (Cendrillon)

Cliquez ici pour prendre le quiz!

Statistiques générales

  • Ce quiz a été pris 79 fois
  • Le résultat moyen est 47 sur 68

Statistiques - réponses

Réponse% Correct
Bou !
95%
bou,
95%
bou,
95%
Bou !
95%
bou !
95%
La
93%
La
93%
la
93%
la
93%
la
93%
la
93%
La
93%
La
93%
La
93%
la
93%
La
93%
La
93%
La
93%
La
93%
La
93%
Bibidi
92%
Bibidi
92%
bibidi
92%
Bibidi
92%
bibidi
92%
Bobidi
86%
bobidi
86%
Bobidi
86%
bobidi
86%
à
81%
Salagadou
81%
salagadou
81%
et
79%
et
79%
ça
78%
ça
78%
vous
75%
vous
75%
quoi ?
73%
quoi ?
73%
tout
73%
tout
73%
aurez
67%
aurez
67%
mélangez
67%
c'est
56%
tous
51%
le
49%
Mélangez
48%
les
47%
fait
45%
Ô
45%
qui
45%
veut
45%
coups
44%
truc
44%
boum
38%
scoubidou.
38%
Mais
37%
menchika
33%
menchika
33%
dire
30%
menchikabou
30%
Babidi,
22%
Babidi
22%
Salagadoula
22%
bibidibobidi
12%
Bididi
4%

Distribution des résultats

Percentile par nombre de réponses

% des personnes avec chaque résultat

Votre développement - résultats

Vous n’avez pas pris ce quiz